Elnémult szirének. Interjú Sütő Andrással

Elmentve itt :
Bibliográfiai részletek
Szerző: HORVÁTH Arany
Adatforrás:Meister
Forrásdokumentuma:Művelődés. -
6 sz., 1992, 17-23 p.
Nyelv:magyar
Kulcsszavak:oral-history
művelődéstörténet-interjú
politikatörténet-interjú
politikai intézmények
kulturális intézmények
sajtó
magyarok (romániai)
kisebbségi kérdés
Maniu-gárdák
Románia
SÜTŐ András
LEADER 00699nab a2200241 i 4500
001 bibPRO00002984
008 060524s1992 xx hun
040 |a Sz1 
041 |a hun 
100 1 |a HORVÁTH Arany 
245 1 0 |a Elnémult szirének. Interjú Sütő Andrással  |c HORVÁTH Arany 
695 |a oral-history 
695 |a művelődéstörténet-interjú 
695 |a politikatörténet-interjú 
695 |a politikai intézmények 
695 |a kulturális intézmények 
695 |a sajtó 
695 |a magyarok (romániai) 
695 |a kisebbségi kérdés 
695 |a Maniu-gárdák 
695 |a Románia 
695 |a SÜTŐ András 
773 0 |t Művelődés. -  |g 6 sz., 1992, 17-23 p.